Catalog

Record Details

Catalog Search



Miracle in Bethlehem, PA / Hallmark Channel ... Read More

Available copies

  • 2 of 2 copies available at LARL/NWRL Consortium. (Show)
  • 2 of 2 copies available at Lake Agassiz Regional Library.

Current holds

0 current holds with 2 total copies.

Show Only Available Copies
Location Call Number / Copy Notes Barcode Shelving Location Status Due Date
Detroit Lakes Public Library DVD MIR (Text) 33500014143192 Main Available -
Frazee LINK Site DVD MIR (Text) 33500014143200 Main Available -

Record details

  • Physical Description: 1 videodisc (84 min.) : sound, color ; 4 3/4 in.
  • Publisher: [United States] : Cineverse, [2024]

Content descriptions

General Note:
Originally released as a motion picture in 2023.
Wide screen.
Participant or Performer Note:
Laura Vandervoort, Benjamin Ayres.
Summary, etc.:
Just before Christmas, Mary Ann adopts a baby girl ... Read More
Target Audience Note:
Rating: Not rated.
System Details Note:
DVD, wide screen, region 1, NTSC, Dolby digital.
Subject: Single mothers > Drama.
Adoption > Drama.
Christmas plays.
Bethlehem (Pa.) > Drama.
Genre: Fiction films.
Romance films.
Christmas films.
Made-for-TV movies.
Video recordings for the hearing impaired.
LDR 02711cgm a2200721 i 4500
001453095
003LARL_NWRL_CONSORTIUM
00520250122194952.0
008240919p20242023xxu084 e vleng d
007vd cvaizu
040 . ‡aTEFMT ‡beng ‡erda ‡cTEFMT ‡dTEF ‡dOCLCO ‡dOJ4 ‡dTH8 ‡dPBJ
0241 . ‡a767685169988
02841. ‡aHM6998 ‡bCineverse
035 . ‡a(OCoLC)1456566258
037 . ‡bMidwest Tape ‡nhttp://www.midwesttapes.com
046 . ‡k2023 ‡2edtf
08204. ‡a791.43/72 ‡223/eng/20240930
24500. ‡aMiracle in Bethlehem, PA / ‡cHallmark Channel presents a Cineverse production ; director by Jeff Beesley.
2463 . ‡aMiracle in Bethlehem Pennsylvania
264 1. ‡a[United States] : ‡bCineverse, ‡c[2024]
300 . ‡a1 videodisc (84 min.) : ‡bsound, color ; ‡c4 3/4 in.
336 . ‡atwo-dimensional moving image ‡btdi ‡2rdacontent
337 . ‡avideo ‡bv ‡2rdamedia
338 . ‡avideodisc ‡bvd ‡2rdacarrier
340 . ‡b4 3/4 in.
340 . ‡gpolychrome ‡2rdacc
344 . ‡adigital ‡2rdatr
344 . ‡boptical ‡2rdarm
345 . ‡dwide screen ‡2rdaar
347 . ‡avideo file ‡2rdaft
347 . ‡bDVD video
347 . ‡eregion 1 ‡2rdare
380 . ‡aMotion pictures ‡2lcgft
538 . ‡aDVD, wide screen, region 1, NTSC, Dolby digital.
5111 . ‡aLaura Vandervoort, Benjamin Ayres.
500 . ‡aOriginally released as a motion picture in 2023.
500 . ‡aWide screen.
5321 . ‡aClosed captioning in English.
5321 . ‡aSubtitled in English for the deaf and hard-of-hearing.
521 . ‡aRating: Not rated.
520 . ‡aJust before Christmas, Mary Ann adopts a baby girl to raise alone. She and the infant spend the Christmas stuck in Bethlehem, PA, due to bad weather. Her only choice when the inn is full is to stay with Joe, the brother of the innkeeper.
650 0. ‡aSingle mothers ‡vDrama.
650 0. ‡aAdoption ‡vDrama.
650 0. ‡aChristmas plays. ‡0(LARL_NWRL_CONSORTIUM)16740
651 0. ‡aBethlehem (Pa.) ‡vDrama.
655 7. ‡aFiction films. ‡2lcgft ‡0(LARL_NWRL_CONSORTIUM)175626
655 7. ‡aRomance films. ‡2lcgft ‡0(LARL_NWRL_CONSORTIUM)175678
655 7. ‡aChristmas films. ‡2lcgft ‡0(LARL_NWRL_CONSORTIUM)175648
655 7. ‡aMade-for-TV movies. ‡2lcgft ‡0(LARL_NWRL_CONSORTIUM)175746
655 7. ‡aVideo recordings for the hearing impaired. ‡2lcgft ‡0(LARL_NWRL_CONSORTIUM)175744
7001 . ‡aBeesley, Jeff, ‡efilm director.
7001 . ‡aVandervoort, Laura, ‡eactor.
7001 . ‡aAyres, Benjamin, ‡d1979- ‡eactor.
7102 . ‡aCineverse (Firm), ‡epublisher.
7102 . ‡aHallmark Channel (Television network) ‡0(LARL_NWRL_CONSORTIUM)217368
901 . ‡a453095 ‡bOCoLC ‡c453095 ‡tbiblio ‡soclc

Additional Resources